000 00609nam a2200229Ia 4500
003 OSt
005 20221006165321.0
006 a|||||r|||| 00| 0
007 ta
008 221006b |||||||| |||| 00| 0 hin d
024 _a5,293
037 _cTextual
040 _aFML
_cFML
_bhin
041 _2hin
_ahin
082 _aY: 1.2 ' 8, K6
100 _aLooniya B. N. Au.
_9679572
245 0 _aPracheen Bharatiya Sanskriti
260 _aAgra
_bL. N. Agrawal India
_c1965
300 _a2, 848
_ccm.
942 _hY: 1.2 ' 8, K6
_cTEXL
_2CC
999 _c1120402
_d1120402